000 00641nam a2200181Ia 4500
008 151202s9999||||xx |||||||||||||| ||und||
082 _bPNVM-30309
100 _aभट रा.स.
245 _aहुतात्म्यांना मानवंदना-भा.3.
260 _bव्होरा आणि कंपनी.
260 _c1972
300 _a138
600 _aभट रा.स.
630 _aहुतात्म्यांना मानवंदना-भा.3.
700 _aभट रा.स.
730 _aहुतात्म्यांना मानवंदना-भा.3.
942 _cBOOK
999 _c1296272
_d1296269